| 000 | 00424nam a22001337a 4500 | ||
|---|---|---|---|
| 008 | 230602b xxu||||| |||| 00| 0 eng d | ||
| 082 |
_a967.62041 _bKEN |
||
| 110 | _bKenya Yearbook Editorial Board | ||
| 245 |
_aKenyatta Cabinets _bDrama. Intrigue. Triumph |
||
| 260 |
_aNairobi, Kenya _bKenya Yearbook Editorial Board _c2012 |
||
| 300 | _a368p | ||
| 440 | _pThe Kenya Yearbook Editorial Board Biography Series | ||
| 942 |
_2ddc _cBK |
||
| 999 |
_c107 _d107 |
||